书目信息 |
| 题名: |
一江黑水
|
|
| 作者: | 易明 著 ;姜智芹 译 | |
| 分册: | ||
| 出版信息: | 南京 江苏人民出版社 2011.01 |
|
| 页数: | 275页 | |
| 开本: | 23cm | |
| 丛书名: | 凤凰文库 | |
| 单 册: | ||
| 中图分类: | X-12 | |
| 科图分类: | ||
| 主题词: | 环境保护--研究--中国 , 环境保护 | |
| 电子资源: | ||
| ISBN: | 978-7-214-06600-8 | |
| 000 | 01113oam2 2200301 450 | |
| 001 | 010050008202 | |
| 005 | 20110723135927.28 | |
| 010 | @a978-7-214-06600-8@dCNY27.00 | |
| 100 | @a20110318d2011 em y0chiy50 ea | |
| 101 | 1 | @achi@ceng |
| 102 | @aCN@b320000 | |
| 105 | @aa z 000yy | |
| 106 | @ar | |
| 200 | 1 | @a一江黑水@Ayi jiang hei shui@e中国未来的环境挑战@dThe river runs black@ethe environmental challenge to China's future@f(美)易明著@g姜智芹译@zeng |
| 210 | @a南京@c江苏人民出版社@d2011.01 | |
| 215 | @a275页@d23cm | |
| 225 | 2 | @a凤凰文库@i海外中国研究系列 |
| 330 | @a本书以淮河流域的生态环境变化为切入点,主要论述了中国为经济高速发展付出的环境代价,介绍了中国环境保护所采取的政策措施和取得的突出成就。 | |
| 510 | 1 | @aRiver runs black@ethe environmental challenge to China's future@zeng |
| 517 | 1 | @a中国未来的环境挑战@Azhong guo wei lai de huan jing tiao zhan |
| 586 | @a | |
| 606 | 0 | @a环境保护@x研究@y中国 |
| 606 | 0 | @a环境保护 |
| 690 | @aX-12@v5 | |
| 701 | 0 | @c(美)@a易明@Ayi ming@4著 |
| 702 | 0 | @a姜智芹@Ajiang zhi qin@4译 |
| 801 | 0 | @aCN@c20110610 |
| 905 | @dX-12@eY549@f5 | |
| 一江黑水:中国未来的环境挑战=The river runs black:the environmental challenge to China's future/(美)易明著/姜智芹译.-南京:江苏人民出版社,2011.01 |
| 275页;23cm.-(凤凰文库.海外中国研究系列) |
| ISBN 978-7-214-06600-8:CNY27.00 |
| 本书以淮河流域的生态环境变化为切入点,主要论述了中国为经济高速发展付出的环境代价,介绍了中国环境保护所采取的政策措施和取得的突出成就。 |
| ● |
| 相关链接 |
|
|
|
正题名:一江黑水
索取号:X-12/Y549
 
预约/预借
| 序号 | 登录号 | 条形码 | 馆藏地/架位号 | 状态 | 备注 |
| 1 | 887027 | 208870275 | 自科二线400A/400A自科库 35排2列4层/ [索取号:X-12/Y549] | 在馆 | |
| 2 | 887028 | 208870284 | 自科库501/501自科库 60排6列3层/ [索取号:X-12/Y549] | 在馆 | |
| 3 | 887029 | 208870293 | 自科二线400A/400A自科库 25排2列1层/ [索取号:X-12/Y549] | 在馆 | |
| 4 | 887030 | 208870300 | 自科二线400A/400A自科库 25排3列3层/ [索取号:X-12/Y549] | 在馆 | |
| 5 | 887031 | 208870319 | 自科库501/501自科库 60排6列3层/ [索取号:X-12/Y549] | 在馆 |